000 00694nam a2200289Ia 4500
005 20260324150547.0
008 008 260324s9999 xx 000 0 eng d
020 _a9781315017747
037 _aEBOOK
040 _aCRL
040 _beng
040 _cCRL
041 _2eng
041 _aeng
084 _qCRL
100 _aRobert J. Smith; Richard K. Beardsley
_91226843
245 0 _aJapanese Culture
245 0 _bIts Development and Characteristics
260 _bTaylor and Francis
260 _c1962
365 _a
365 _b145
856 _uhttp://www.taylorfrancis.com/books/9781315017747
942 _cEBOOK
999 _c1836496
_d1836496